• 首页
  • 本馆介绍
  • 公告通知
  • 最新文献
  • 馆藏检索
  • 电子资源
  • 读者导购
  • 参考咨询
  • 我的图书馆
  • 登录
  • 详细信息显示
  • 放入我的书架
  • 预约/预借图书
  • 作者相关作品
  • 分类相关作品
  • 丛书相关作品
  • 出版社相关作品

书目信息

  • 表格格式
  • 工作单格式
  • 卡片格式
题名:
有限群论基础
    
 
作者: 陈重穆 编
分册:  
出版信息: 重庆   重庆出版社  1983
页数: 139页
开本: 21cm
丛书名:
单 册:
中图分类: O152.1
科图分类:
主题词: 有限群-群论 , 群论-有限群
电子资源:
ISBN:
000 00609nam0 2200241 45
001 0183012378
005 20070721104532.76
010    @dCNY0.65
091    @aCN@b13114.5
100    @a19950525d1983 em y0chiy0121 ea
101 0  @achi
102    @aCN@b510000
105    @ay z 000yy
200 10 @a有限群论基础@Ayou xian qun lun ji chu@f陈重穆编
210    @a重庆@c重庆出版社@d1983
215    @a139页@d21cm
606    @a有限群-群论
606    @a群论-有限群
690    @aO152.1@v3
701  0 @a陈重穆@Achen chong mu@4编
801  2 @aCN@bNLC@c20070721
801  0 @aCN@bTSSF
905    @a10447@dO152.1@e37
    
    有限群论基础/陈重穆编.-重庆:重庆出版社,1983
    139页;21cm
    
    
    ISBN :CNY0.65
    
●
相关链接 在E读中查询图书 在五车中查询图书 在当当中查询图书 在豆瓣中查询图书


正题名:有限群论基础     索取号:O152.1/37         预约/预借

序号 登录号 条形码 馆藏地/架位号 状态 备注
1 0767868   207678681   第二样本阅览室/ [索取号:O152.1/37] 在馆    
唐山师范学院图书馆 欢迎您!
大连网信软件有限公司© 版权所有